Brand Logos That Start With R - Statistics

General Stats
  • This quiz has been taken 44 times
  • The average score is 10 of 16
Answer Stats
Picture Answer % Correct
RedBull
98%
Rolex
93%
Reddit
83%
Ralph Lauren
81%
Reese's
81%
Ritz
74%
Roblox
69%
Renault
67%
Rolls-Royce
67%
Reebok
62%
Ryanair
50%
Rockstar Games
48%
Royal Mail
33%
Ram Trucks
26%
Red Hat
24%
Russell Athletic
14%
No matching quizzes found
Score Distribution
Percent of People with Each Score
Percentile by Number Answered
Your Score History
You have not taken this quiz